निबंध-सौरभ / (Record no. 120670)

MARC details
000 -LEADER
fixed length control field 00987nam a22002537a 4500
005 - DATE AND TIME OF LATEST TRANSACTION
control field 20170124103201.0
010 ## - LIBRARY OF CONGRESS CONTROL NUMBER
LC control number B-200753
020 ## - INTERNATIONAL STANDARD BOOK NUMBER
Terms of availability 225.00
International Standard Book Number 8187182466
035 ## - SYSTEM CONTROL NUMBER
System control number B-200753
037 ## - SOURCE OF ACQUISITION
Source of stock number/acquisition Cen Lib/Ret
040 ## - CATALOGING SOURCE
Original cataloging agency DPL
Language of cataloging HN
082 ## - DEWEY DECIMAL CLASSIFICATION NUMBER
Classification number 808.84
Item number गुप्तत
100 ## - MAIN ENTRY--PERSONAL NAME
Personal name गुप्त, तनसुखराम
9 (RLIN) 91879
245 ## - TITLE STATEMENT
Title निबंध-सौरभ /
Statement of responsibility, etc तनसुखराम गुप्त
246 ## - VARYING FORM OF TITLE
Title proper/short title Nibandh-sarabh /
Remainder of title by Tansukhram Gupta
260 ## - PUBLICATION, DISTRIBUTION, ETC. (IMPRINT)
Place of publication, distribution, etc दिल्ली
Name of publisher, distributor, etc सूर्य भारती प्रकाशन
Date of publication, distribution, etc 2007
270 ## - ADDRESS
Address 2596, नई सड़क
City दिल्ली
Postal code 110006
300 ## - PHYSICAL DESCRIPTION
Extent 768पृ.
Dimensions 21सेमी (सजिल्द)
650 ## - SUBJECT ADDED ENTRY--TOPICAL TERM
Topical term or geographic name as entry element साहित्य -- निबंध
9 (RLIN) 91880
650 ## - SUBJECT ADDED ENTRY--TOPICAL TERM
Topical term or geographic name as entry element हिन्दी निबंध
9 (RLIN) 91881
650 ## - SUBJECT ADDED ENTRY--TOPICAL TERM
Topical term or geographic name as entry element Literature -- Essay
9 (RLIN) 78374
650 ## - SUBJECT ADDED ENTRY--TOPICAL TERM
Topical term or geographic name as entry element Hindi essays
9 (RLIN) 91882
942 ## - ADDED ENTRY ELEMENTS (KOHA)
Source of classification or shelving scheme Dewey Decimal Classification
Koha item type Hindi Books
Classification part 808.84
Call number suffix गुप्तत
Holdings
Withdrawn status Lost status Damaged status Not for loan Home library Current library Date acquired Source of acquisition Cost, normal purchase price Total Checkouts Full call number Barcode Date last seen Date checked out Copy number Cost, replacement price Price effective from Koha item type
        Central Library Central Library 28/09/2015 Cen Lib/Ret 225.00 4 808.84 गुप्तत B-200753 27/07/2018 16/07/2018 1 225.00 28/09/2015 Hindi Books

© Delhi Public Library
Hit Counter
free hit counter